| 000 | 00837nam a22002177a 4500 | ||
|---|---|---|---|
| 999 |
_c13482 _d13482 |
||
| 003 | AR-CdUCM | ||
| 008 | 190415b ||||| |||| 00| 0 spa d | ||
| 040 |
_aMUNICIPALIDAD PROVINCIAL DEL CUSCO _cBIBLIOTECA MUNICIPAL DEL CUSCO |
||
| 082 |
_a572.7 / _bQ5 / 1949 |
||
| 100 |
_aQuevedo A., Sergio A _931310 |
||
| 245 |
_aCrecimiento y alimentación de los aborígenes de Anta : _bTrabajo presentado al II Congreso Indigenista Interamericano, 24-junio-1949 / |
||
| 260 |
_aCusco : _bH.G. Rozas Sucesores, _c1949. |
||
| 300 |
_a208 paginas ; _bDiagramas,Ilustraciones, _c25 cm. |
||
| 505 | _aContenido :Indígenas del Perú / | ||
| 650 |
_aIndígenas del Perú _95715 |
||
| 650 |
_aAlimentos _97656 |
||
| 650 |
_aCondiciones económicas _91989 |
||
| 650 |
_aCondiciones sociales _91132 |
||
| 942 |
_2ddc _cLIBROS |
||
| 945 |
_arjall _d2019-04-15 |
||